Maiores vilas da Região do Alentejo (NUTSII) - Statistics

General Stats
  • This quiz has been taken 11 times
    5 since last reset
  • The average score is 4 of 10
Answer Stats
População Vila % Correct
4 898 hab. Castro Verde
100%
5 137 hab. Aljustrel
40%
7 500 hab. Campo Maior
40%
4 696 hab. Ferreira do Alentejo
40%
10 657 hab. Grândola
40%
5 733 hab. Redondo
40%
6 439 hab. São Teotónio
40%
5 023 hab. Vila Viçosa
40%
3 788 hab. Almodôvar
20%
5 031 hab. Vila Nova de Milfontes
20%
No matching quizzes found
Score Distribution
Percent of People with Each Score
Percentile by Number Answered
Your Score History
You have not taken this quiz since the last reset